| 000 | 01679cam a22004694i 4500 | ||
|---|---|---|---|
| 003 | PE-LiUPU | ||
| 005 | 20250731173331.0 | ||
| 008 | 150625s2006 mnu rb 000 0 spa d | ||
| 020 | _a0806680729 | ||
| 035 | _a(Sirsi) i9780806680729 | ||
| 040 |
_aPE-LiUPU _bspa _cPE-LiUPU _erda |
||
| 049 | _aPRUA | ||
| 082 | 0 | 4 |
_a224.9 _bB76 _221 |
| 100 | 1 |
_aBotta, Alejandro F., _eautor. |
|
| 245 | 1 | 4 |
_aLos doce profetas menores / _cAlejandro F. Botta. |
| 264 | 1 |
_aMinneapolis : _bAugsturg Fortress, _c2006. |
|
| 300 |
_a160 páginas ; _c23 centímetros |
||
| 336 |
_atext _2rdacontent |
||
| 337 |
_aunmediated _2rdamedia |
||
| 338 |
_avolume _2rdacarrier |
||
| 504 | _aIncluye bibliografía. | ||
| 505 | 0 | _aEl libro de los doce -- Oseas -- Joel -- Amós -- Abdías -- Jonás -- Miqueas -- Nahúm -- Habacuc -- Sofonías -- Hageo -- Zacarías -- Malaquías ("Mi mensajero"). | |
| 526 | _aSEG42 | ||
| 526 | _aSEG41 | ||
| 526 | _aSEG40 | ||
| 526 | _aSEG39 | ||
| 526 | _aP94 | ||
| 526 | _aP87 | ||
| 526 | _aP86 | ||
| 526 | _aP85 | ||
| 526 | _aP77 | ||
| 526 | _aP76 | ||
| 526 | _aP35 | ||
| 630 |
_aBiblia. _pA.T. _pProfetas menores _xComentarios. |
||
| 910 |
_bjv _cng |
||
| 942 |
_2ddc _cBOOK |
||
| 949 |
_a224.9 B76 _wDEWEY _c1 _i59285 _d2016-11-21 _e2016-11-17 _lCCODEBUL1 _mBUL _n16 _r0 _sY _tBOOK _u2015-6-25 _xTEOLOGIA _PP35 _0COMPRA _o.STAFF. Colección General |
||
| 994 |
_aC0 _bPEPRU |
||
| 596 | _a1 | ||
| 999 |
_a224.9 B76 _wDEWEY _c48068 _i59285 _d48068 _e2019-6-13 _f2021-11-9 _g5 _lCCODEBUL1 _mBUL _n24 _p15.00 _q17 _r0 _sY _tBOOK _u2015-6-25 _xTEOLOGIA _PP35 _0COMPRA _o.STAFF. Colección Teología |
||
| 980 |
_81 _gALBERTO SANCHEZ Responsable de Automatización |
||